[Event "Corus C"]
[Site "Wijk aan Zee NED"]
[Date "2006.01.22"]
[Round "8"]
[White "Atalik, E."]
[Black "Afek, Y."]
[Result "1-0"]
[WhiteElo "2399"]
[BlackElo "2370"]
[PlyCount "65"]
[EventDate "2006.01.14"]

1. d4 d5 2. c4 dxc4 3. Nf3 c5 4. d5 e6 5. Nc3 exd5 6. Qxd5 Qxd5 7. Nxd5 Na6 8.
e4 Ne7 9. Ne3 Nc7 10. Nxc4 Ng6 11. Be3 b6 12. h4 h5 13. O-O-O Bb7 14. Nfe5 Bxe4
15. Nxg6 Bxg6 16. Ne5 Bf5 17. g4 Be4 18. Bc4 Be7 19. f3 f6 20. Bf7+ Kf8 21.
fxe4 fxe5 22. Rhf1 Bf6 23. Rd7 hxg4 24. Rxc7 Rxh4 25. Bd5 Rh3 26. Bxa8 Rxe3 27.
Kd2 Rh3 28. Ke2 Rh2+ 29. Rf2 Rh1 30. Rg2 Rb1 31. Kd3 g3 32. Rxg3 Rxb2 33. Rh3
1-0

[Event "Corus C"]
[Site "Wijk aan Zee NED"]
[Date "2006.01.22"]
[Round "8"]
[White "Bensdorp, M."]
[Black "Hopman, P."]
[Result "1/2-1/2"]
[WhiteElo "2230"]
[BlackElo "2332"]
[PlyCount "90"]
[EventDate "2006.01.14"]

1. d4 d6 2. Nf3 Bg4 3. c4 Nd7 4. Nc3 g6 5. g3 Bxf3 6. exf3 Bg7 7. Be3 e6 8. d5
Ne7 9. Bh3 Nf5 10. Bxf5 exf5 11. Rc1 O-O 12. O-O Re8 13. f4 Nf6 14. Bd4 Ne4 15.
Bxg7 Kxg7 16. Re1 Qf6 17. Nb5 Re7 18. f3 a6 19. Nd4 Nc5 20. Qd2 Rae8 21. Kf1 h5
22. b3 h4 23. Rxe7 Rxe7 24. Re1 Rxe1+ 25. Kxe1 Kf8 26. Kf2 Qh8 27. Kg2 Ke8 28.
Qc3 Kd7 29. Ne2 Qe8 30. Kf2 Qe7 31. Qd4 a5 32. Nc3 f6 33. Ne2 g5 34. Qc3 g4 35.
Qc2 Qh7 36. fxg4 Ne4+ 37. Ke3 hxg3 38. Nxg3 Qh3 39. gxf5 Nxg3 40. hxg3 Qxg3+
41. Ke4 c5 42. dxc6+ bxc6 43. Qd2 a4 44. bxa4 Qa3 45. Qa5 Qxa2 1/2-1/2

[Event "Corus C"]
[Site "Wijk aan Zee NED"]
[Date "2006.01.22"]
[Round "8"]
[White "Li Shilong"]
[Black "Visser, Y."]
[Result "1-0"]
[WhiteElo "2543"]
[BlackElo "2485"]
[PlyCount "83"]
[EventDate "2006.01.14"]

1. e4 e6 2. d4 d5 3. e5 c5 4. c3 Nc6 5. Nf3 Bd7 6. Be2 Nge7 7. Na3 cxd4 8. cxd4
Nf5 9. Nc2 Qb6 10. O-O Na5 11. g4 Ne7 12. Nfe1 h5 13. gxh5 Nf5 14. Bd2 Nc4 15.
Bc3 Nxb2 16. Bxb2 Qxb2 17. Rb1 Qxa2 18. Rxb7 Rc8 19. Bd3 Bc6 20. Rb1 Rxh5 21.
Qxh5 Qxb1 22. Bxf5 exf5 23. e6 Qb7 24. Nf3 g6 25. exf7+ Qxf7 26. Re1+ Kd8 27.
Qg5+ Be7 28. Ne5 Qf6 29. Qd2 Rc7 30. Qa5 f4 31. Nb4 Bxb4 32. Qxb4 Kc8 33. Ng4
Qf5 34. f3 Qd3 35. Ne5 Qf5 36. Qd6 Bb5 37. Qxd5 Bc6 38. Qg8+ Kb7 39. Qb3+ Kc8
40. d5 Qg5+ 41. Kh1 Qh4 42. Rd1 1-0

[Event "Corus C"]
[Site "Wijk aan Zee NED"]
[Date "2006.01.22"]
[Round "8"]
[White "Werle, J."]
[Black "Van der Wiel, J."]
[Result "1/2-1/2"]
[WhiteElo "2514"]
[BlackElo "2505"]
[PlyCount "67"]
[EventDate "2006.01.14"]

1. Nf3 Nf6 2. c4 c5 3. Nc3 Nc6 4. g3 g6 5. Bg2 Bg7 6. d4 cxd4 7. Nxd4 O-O 8.
O-O Nxd4 9. Qxd4 d6 10. Qd3 Nd7 11. b3 Nc5 12. Qd2 Be6 13. Bb2 Rb8 14. Nb5 Bxb2
15. Qxb2 a6 16. Nd4 Bd7 17. a4 Qb6 18. Rab1 Rfc8 19. Rfd1 Ne6 20. e3 Qd8 21.
Qd2 b6 22. h4 Nc5 23. e4 Qf8 24. Qg5 e5 25. Nc2 b5 26. axb5 axb5 27. Nb4 bxc4
28. bxc4 Be6 29. Nd5 Bxd5 30. cxd5 h6 31. Qe3 Kg7 32. h5 Rxb1 33. Rxb1 Rb8 34.
Rf1 1/2-1/2

[Event "Corus C"]
[Site "Wijk aan Zee NED"]
[Date "2006.01.22"]
[Round "8"]
[White "Bischoff, K."]
[Black "Van der Weide, K."]
[Result "1/2-1/2"]
[WhiteElo "2560"]
[BlackElo "2466"]
[PlyCount "23"]
[EventDate "2006.01.14"]

1. Nf3 Nf6 2. d4 g6 3. Nbd2 Bg7 4. e4 d6 5. Be2 O-O 6. O-O Nh5 7. Re1 e5 8.
dxe5 dxe5 9. Bf1 Nc6 10. c3 Nf4 11. Qc2 Qf6 12. Kh1 1/2-1/2

[Event "Corus C"]
[Site "Wijk aan Zee NED"]
[Date "2006.01.22"]
[Round "8"]
[White "Atalik, S."]
[Black "Adly, A."]
[Result "1/2-1/2"]
[WhiteElo "2618"]
[BlackElo "2473"]
[PlyCount "120"]
[EventDate "2006.01.14"]

1. d4 d5 2. c4 e6 3. Nc3 Nf6 4. Bg5 Nbd7 5. e3 c6 6. a3 a6 7. Nf3 Be7 8. cxd5
exd5 9. Qc2 O-O 10. Bd3 Re8 11. O-O Nf8 12. Ne5 Ng4 13. Bxe7 Qxe7 14. Nxg4 Bxg4
15. Rae1 Rad8 16. f4 f6 17. f5 Bh5 18. Qf2 Bf7 19. Qf4 c5 20. Re2 c4 21. Bb1 b5
22. Rfe1 Qd6 23. Qxd6 Rxd6 24. Rd2 Nd7 25. Kf2 Kf8 26. g4 Nb8 27. e4 Nc6 28.
exd5 Bxd5 29. Rxe8+ Kxe8 30. Ke3 Ne7 31. Be4 Kd7 32. Nxd5 Nxd5+ 33. Bxd5 Rxd5
34. Rc2 Rd6 35. Ke4 Rc6 36. Kd5 Rd6+ 37. Kc5 Rc6+ 38. Kb4 Rd6 39. Kc3 g6 40.
fxg6 hxg6 41. h4 Rd5 42. Re2 f5 43. gxf5 Rxf5 44. Rg2 Rf3+ 45. Kb4 Rb3+ 46. Ka5
c3 47. bxc3 Rxc3 48. Kxa6 Rxa3+ 49. Kxb5 Rh3 50. Rg4 Ke6 51. Rxg6+ Kd5 52. Rg4
Rb3+ 53. Ka5 Rd3 54. h5 Rh3 55. Rg5+ Kxd4 56. Kb6 Ke4 57. Kc6 Kf4 58. Ra5 Kg4
59. Kd6 Rxh5 60. Rxh5 Kxh5 1/2-1/2